01253 a2200193 45000010006000000050017000060080041000230030015000640400040000790800109001192450023002282500012002512640029002633000019002925050699003110410008010101000017010187000024010355018520260407155802.0260407a1953 arg spa dAR-UNSa-BCEJYS aAR-UNSa-BCEJYSbspacAR-UNSa-BCEJYS a339.9xEconomía internacional en general. Relaciones económicas internacionales. Economía mundial 10aEconomìa mundial a2a. ed. 1aBarcelona :bLaborc1953 a407 p.c23 cm. a1. La economía mundial, como economía de superación del espacio - 2. La población y sus necesidades - 3. Los dones de la naturaleza - 4. La economía nacional sabe sacar mucho partido de cosas pequeñas - 5. La lucha por los principios ordenadores en la economía nacional y universal - 6. La misión de la técnica en la economía nacional y en la mundial - 7. Métodos del comercio internacional de mercancías - 8. Sentido y contrasentido de las colonias - 9. Compensación internacional entre el Debe y el Haber - 10. Cómo la política internacional trabajó por la recuperación - 11. La comunidad de trabajo europea - 12. Necesidad y futuro de la economía mundial. aspa1 aWeber, Adolf1 aPayarols, Francisco